| 000 | 00613nam a2200229Ia 4500 | ||
|---|---|---|---|
| 003 | OSt | ||
| 005 | 20220927104801.0 | ||
| 006 | a|||||r|||| 00| 0 | ||
| 007 | ta | ||
| 008 | 220926b |||||||| |||| 00| 0 eng d | ||
| 024 | _a159918 | ||
| 037 | _cReference Collections | ||
| 040 |
_aRTL _cRTL _beng |
||
| 041 |
_2eng _aeng |
||
| 082 | _a"X71.273.N87, M7.1" | ||
| 110 |
_aBihar _9351860 |
||
| 245 | 0 | _aBudget 1987-88 | |
| 260 |
_aPatna _bGovt. Press _c1987 |
||
| 700 |
_aBihar _9351861 |
||
| 942 |
_h"X71.273.N87, M7.1" _cCC |
||
| 999 |
_c688685 _d688685 |
||